Engineering Drawing / (Record no. 167813)
[ view plain ]
| 000 -LEADER | |
|---|---|
| fixed length control field | 00643nam a22002057a 4500 |
| 005 - DATE AND TIME OF LATEST TRANSACTION | |
| control field | 20190919153407.0 |
| 010 ## - LCCN (DPL NO) | |
| LC control number | ENG-126501 |
| 020 ## - INTERNATIONAL STANDARD BOOK NUMBER | |
| Terms of availability | 525.00 |
| International Standard Book Number | 9789353167448 |
| 035 ## - SYSTEM CONTROL NUMBER | |
| System control number | EN-110033 |
| 037 ## - SOURCE OF ACQUISITION | |
| Source of stock number/acquisition | DBAD/PUB |
| 082 ## - DEWEY DECIMAL CLASSIFICATION NUMBER | |
| Classification number | 604.2 |
| Edition number | 3th |
| 100 ## - MAIN ENTRY--PERSONAL NAME | |
| Personal name | Agarwal ,Basant |
| 245 ## - TITLE STATEMENT | |
| Title | Engineering Drawing / |
| Statement of responsibility, etc | By Basant Agrawal [and] C M Agrawal |
| 260 ## - PUBLICATION, DISTRIBUTION, ETC. (IMPRINT) | |
| Place of publication, distribution, etc | Chennai |
| Name of publisher, distributor, etc | McGraw Hill Education |
| Date of publication, distribution, etc | 2020 |
| 270 ## - ADDRESS | |
| City | Chennai |
| Address | 444/1,Sri Ekambara Naicker Industrial Estate,Alapakkam,Porur |
| Postal code | 600116 |
| 300 ## - PHYSICAL DESCRIPTION | |
| Extent | Variousp. |
| Dimensions | 24cm(pbk) |
| 500 ## - GENERAL NOTE | |
| General note | includes index |
| 700 ## - ADDED ENTRY--PERSONAL NAME | |
| Personal name | Agrawal ,C M |
| 942 ## - ADDED ENTRY ELEMENTS (KOHA) | |
| Source of classification or shelving scheme | Dewey Decimal Classification |
| Item type | English Books |
| Classification part | 604.2 |
| Call number suffix | AGA |
| Edition | 3rd |
| Withdrawn status | Lost status | Not for loan | Collection code | Home library | Current library | Date acquired | Source of acquisition | Cost, normal purchase price | Full call number | Barcode | Copy number | Cost, replacement price | Koha item type |
|---|---|---|---|---|---|---|---|---|---|---|---|---|---|
| Non-fiction | Bawana | Bawana | 19/09/2019 | DBAD/PUB | 525.00 | 604.2 AGA | EN-110033 | 1 | 525.00 | English Books |
